[Event "Voronezh op-B 20th"]
[Site "Voronezh"]
[Date "2016.06.18"]
[Round "6"]
[White "Krekoten, Vladimir"]
[Black "Naletov, Alexey"]
[Result "0-1"]
[WhiteElo "1747"]
[BlackElo "1999"]
[PlyCount "58"]
[EventDate "2016.06.12"]
[EventType "swiss"]
[EventRounds "9"]
[EventCountry "RUS"]
[SourceTitle "EXT 2017"]
[Source "ChessBase"]
[SourceDate "2016.10.25"]
[SourceVersion "1"]
[SourceVersionDate "2016.10.25"]
[SourceQuality "1"]

1. Nf3 Nf6 2. d4 g6 3. Bf4 Bg7 4. h3 d6 5. e3 Nbd7 6. Be2 0-0 7. 0-0 c5 8. c3 b6 9. Bh2 Bb7 10. Nbd2 Rc8 11. a4 Ne4 12. Nxe4 Bxe4 13. Ng5 Bb7 14. Qb3 e5 15. Nf3 Qe7 16. d5 a6 17. c4 a5 18. e4 f5 19. exf5 gxf5 20. Nd2 Kh8 21. Rae1 Rg8 22. f4 e4 23. Kh1 Rce8 24. g4 Qf6 25. Rb1 Qd4 26. Qc2 Qe3 27. Rbe1 Qxh3 28. gxf5 Bd4 29. b3 Qg2# 0-1

[Event "Voronezh op-B 20th"]
[Site "Voronezh"]
[Date "2016.06.13"]
[Round "2"]
[White "Kovalenko, Vladimir"]
[Black "Naletov, Alexey"]
[Result "1-0"]
[WhiteElo "2174"]
[BlackElo "1999"]
[PlyCount "59"]
[EventDate "2016.06.12"]
[EventType "swiss"]
[EventRounds "9"]
[EventCountry "RUS"]
[SourceTitle "EXT 2017"]
[Source "ChessBase"]
[SourceDate "2016.10.25"]
[SourceVersion "1"]
[SourceVersionDate "2016.10.25"]
[SourceQuality "1"]

1. e4 c5 2. Nc3 Nc6 3. Bc4 e6 4. f4 g6 5. Nf3 Bg7 6. 0-0 Nge7 7. e5 d6 8. exd6 Nf5 9. Ne4 Nxd6 10. Nxd6+ Qxd6 11. d3 0-0 12. Ng5 b6 13. c3 Bb7 14. Qe2 Na5 15. Be3 Nxc4 16. dxc4 Rad8 17. Rfd1 Qc6 18. Rac1 e5 19. fxe5 Bxe5 20. Nf3 Rxd1+ 21. Rxd1 Re8 22. Qf2 Bc7 23. Bg5 f6 24. Bh4 Bf4 25. Re1 Rxe1+ 26. Qxe1 Bxh2+ 27. Kxh2 g5 28. Bg3 h5 29. Qe7 Qe4 30. Qxf6 1-0